1962 FIFA World Cup Quiz - Statistics

General Stats
  • This quiz has been taken 55 times
  • The average score is 14 of 16
Answer Stats
Answer % Correct
Brazil
98%
England
98%
Italy
98%
West Germany
98%
Spain
96%
Argentina
94%
Soviet Union
92%
Chile
90%
Mexico
90%
Uruguay
90%
Yugoslavia
90%
Hungary
86%
Czechoslovakia
76%
Colombia
73%
Switzerland
73%
Bulgaria
57%
No matching quizzes found
Score Distribution
Percent of People with Each Score
Percentile by Number Answered
Your Score History
You have not taken this quiz